[Event "KETCHUPLOVER TOURNEY 2"]
[Site "SchemingMind.com"]
[Date "2019.03.23"]
[Round "-"]
[White "Steven DuCharme"]
[Black "Chessibelle"]
[Result "1-0"]
[WhiteCountry "USA"]
[BlackCountry "ENG"]
[WhiteElo "1586"]
[WhiteRD "60"]
[BlackElo "1146"]
[BlackRD "57"]
[GameID "439595"]

1. e4 e5 2. Nf3 Nc6 3. Bb5 Nge7 4. O-O d6 5. d4 Bd7 6. d5 Nb8 7. Qe2 g6 8. Bg5 a6 9. Bd3 Bg7 10. Nbd2 O-O
11. Bxe7 Qxe7 12. h3 c6 13. c4 f5 14. a4 h5 15. b4 f4 16. Nb3 c5 17. b5 b6 18. h4 Bg4 19. g3 Nd7 20. Nbd2 Nf6
21. Kg2 Qd7 22. Rh1 Kf7 23. Ng5+ Kg8 24. f3 Bh6 25. fxg4 hxg4 26. Raf1 Rfe8 27. gxf4 Rf8 28. f5 Qg7 29. Ne6 Qa7 30. Nxf8 Rxf8
31. Rf2 Ra8 32. Nf1 axb5 33. axb5 Nh5 34. Ng3 Qg7 35. Qxg4 Be3 36. Re2 Bf4 37. Nxh5 Qh6 38. Qxg6+ Kf8 39. Qxh6+ Bxh6 40. Ng3 Kf7
41. Bb1 Rg8 42. Kf3 Kf6 43. Nh5+ Kf7 44. Rg2 Rh8 45. Rhg1 Ke7 46. Rg8 Rh7 47. R1g6 Kf7 48. f6
1-0

[Event "KETCHUPLOVER TOURNEY 2"]
[Site "SchemingMind.com"]
[Date "2019.03.25"]
[Round "-"]
[White "Steven DuCharme"]
[Black "ray winteringham"]
[Result "1-0"]
[WhiteCountry "USA"]
[BlackCountry "ENG"]
[WhiteElo "1555"]
[WhiteRD "59"]
[BlackElo "1499"]
[BlackRD "49"]
[GameID "439654"]

1. c4 e5 2. Nc3 Nf6 3. g3 Bc5 4. Bg2 Ng4 5. e3 d6 6. h3 Nf6 7. d4 exd4 8. exd4 Bb4 9. Ne2 c6 10. O-O Be6
11. b3 Qa5 12. Bd2 Nbd7 13. Qc2 Bxc3 14. Bxc3 Qc7 15. Nf4 O-O-O 16. Nxe6 fxe6 17. Rfe1 Rde8 18. a4 b6 19. b4 Nb8 20. f4 Nfd7
21. a5 Na6 22. axb6 Qxb6 23. c5 Qb8 24. Rxa6 d5 25. Rxc6+ Kb7 26. Qa4 Ka8 27. Ra1 Qb7 28. Qxa7+ Qxa7 29. Rxa7+ Kxa7 30. Rc7+ Kb8
31. Rxd7 Rhg8 32. b5 Rd8 33. Re7 Rc8 34. f5 Rce8 35. Rxe6 Rd8 36. Ba5 Rd7 37. c6 Rc7 38. b6 Rcc8 39. Bxd5 Rgf8 40. c7+
1-0

[Event "KETCHUPLOVER TOURNEY 2"]
[Site "SchemingMind.com"]
[Date "2019.03.27"]
[Round "-"]
[White "Chessibelle"]
[Black "ray winteringham"]
[Result "0-1"]
[WhiteCountry "ENG"]
[BlackCountry "ENG"]
[WhiteElo "1194"]
[WhiteRD "59"]
[BlackElo "1499"]
[BlackRD "49"]
[GameID "439655"]

1. Nf3 Nf6 2. d4 d5 3. e3 Bg4 4. Be2 e6 5. Bd2 Bd6 6. g3 a6 7. Nc3 O-O 8. O-O Nbd7 9. a3 c5 10. Bd3 c4
11. Be2 Bh3 12. Re1 h6 13. Bf1 Bg4 14. Be2 b5 15. b3 Nh7 16. Bf1 e5 17. Nxd5 e4 18. Be2 Be6 19. bxc4 exf3 20. Bxf3 Rb8
21. e4 bxc4 22. c3 Be7 23. Bg2 Qa5 24. Nxe7+ Kh8 25. d5 Bxd5 26. Nxd5 Rfd8 27. Nf4 Ne5 28. Qe2 g5 29. Nh3 Rb3 30. f4 Nd3
31. a4 Nxe1 32. Qxe1 Re8 33. e5 Nf6 34. Qf1 Nd7 35. Qf3 Qb6+ 36. Be3 Rb1+ 37. Bf1 Qb3 38. Qh5 Kg7 39. Qg4 Rd8 40. f5= Rxa1
41. Kg2 Nxe5 42. Qe4 f6 43. Ba7 Qxc3 44. Nf2 Qf3+ 45. Kg1 Qxe4 46. Nxe4 Rxa4 47. Nc5 Ra1 48. Ne6+ Kf7 49. Nxd8+ Ke7 50. Ne6 c3
51. Nd4 Rd1 52. Bc5+ Kd7 53. Bb4 Rxd4 54. Ba3 Rd1
0-1

[Event "KETCHUPLOVER TOURNEY 2"]
[Site "SchemingMind.com"]
[Date "2019.04.08"]
[Round "-"]
[White "Steven DuCharme"]
[Black "dadshane2000"]
[Result "0-1"]
[WhiteCountry "USA"]
[BlackCountry "USA"]
[WhiteElo "1571"]
[WhiteRD "67"]
[BlackElo "1864"]
[BlackRD "90"]
[GameID "439991"]

1. c4 g6 2. g3 Bg7 3. Bg2 c5 4. Nf3 Nc6 5. O-O e6 6. Nc3 Nge7 7. e3 O-O 8. d4 cxd4 9. exd4 Nf5 10. Be3 Nxe3
11. fxe3 Ne7 12. a4 Nc6 13. e4 b6 14. d5 Ne5 15. Nxe5 Bxe5 16. d6 Bxc3 17. bxc3 Ba6 18. Qd4 Rc8 19. Rfc1 Rxc4 20. Qe3 Qf6
21. e5 Qf5 22. Rf1 Qc2 23. Rfc1 Qf5 24. a5 Rb8 25. axb6 Rxb6 26. Bf1 Re4 27. Qxb6 axb6 28. Rxa6 Qxe5 29. Rxb6 Re1 30. Rxe1 Qxe1
31. Rb8+ Kg7
0-1

[Event "KETCHUPLOVER TOURNEY 2"]
[Site "SchemingMind.com"]
[Date "2019.04.06"]
[Round "-"]
[White "dadshane2000"]
[Black "ray winteringham"]
[Result "1-0"]
[WhiteCountry "USA"]
[BlackCountry "ENG"]
[WhiteElo "1864"]
[WhiteRD "90"]
[BlackElo "1498"]
[BlackRD "49"]
[GameID "439992"]

1. e4 e5 2. Nf3 Nc6 3. Bb5 d6 4. d4 Bd7 5. Nc3 exd4 6. Nxd4 Nxd4 7. Bxd7+ Qxd7 8. Qxd4 c5 9. Qd3 Be7 10. Nd5 Nf6
11. Nxe7 Qxe7 12. Qb5+ Qd7 13. Qxd7+ Nxd7 14. Bf4 Ne5 15. O-O-O O-O-O 16. Bg3 f6 17. h3 Rhe8 18. Rd5 Re7 19. Rhd1 Red7 20. f4 Nc4
21. Bf2 Kc7 22. b3 Nb6 23. R5d2 Nc8 24. c4 a6 25. g4 b6 26. Kc2 Na7 27. h4 Nc6 28. a3 b5 29. cxb5 axb5 30. Ra1 b4
31. a4 Na5 32. Rad1 Nb7 33. Bg3 Kc6 34. e5 d5 35. exf6 gxf6 36. g5 fxg5 37. fxg5 d4 38. Rf1 Nd6 39. Bxd6 Rxd6 40. Rf6 Rxf6
41. gxf6 Rf8 42. Rf2 Kb6 43. Kd3 Kc6 44. Kc4 Rf7 45. a5 h5 46. Rf5 Kd6 47. a6 Kc6 48. Rxc5+ Kb6 49. Kxd4 Kxa6 50. Ke5 Kb6
51. Rc4 Kb5 52. Ke6 Rf8 53. Ke7 Ra8 54. Rc7
1-0

[Event "KETCHUPLOVER TOURNEY 2"]
[Site "SchemingMind.com"]
[Date "2019.04.08"]
[Round "-"]
[White "Chessibelle"]
[Black "dadshane2000"]
[Result "0-1"]
[WhiteCountry "ENG"]
[BlackCountry "USA"]
[WhiteElo "1146"]
[WhiteRD "57"]
[BlackElo "1827"]
[BlackRD "89"]
[GameID "439993"]

1. Nf3 Nf6 2. d4 d6 3. e3 g6 4. Be2 Bg7 5. O-O O-O 6. Re1 Nbd7 7. Nbd2 Nb6 8. a3 Re8 9. c3 a6 10. Bd3 e5
11. Ng5 h6 12. Ngf3 e4 13. Nxe4 Nxe4 14. Bc2 Bg4 15. h3 Bxf3 16. Qxf3 d5 17. Qf4 g5 18. Qg4 Nf6 19. Qf5 Qd7 20. Qf3 g4
21. Qg3 gxh3 22. e4 dxe4 23. Bd1 hxg2 24. Bxh6 Kf8 25. Qxg7+ Ke7 26. Bg5 Nd5 27. c4 Qh3 28. f3 Qh1+ 29. Kf2 e3+ 30. Bxe3 Rg8
31. Bg5+ Qxe1+ 32. Kxe1 g1=Q+ 33. Kd2 Rxg7 34. Bh6 Rg2+ 35. Kc1 Ne3 36. Kb1 Nxd1 37. Ka2 Rxb2#
0-1

[Event "KETCHUPLOVER TOURNEY 2"]
[Site "SchemingMind.com"]
[Date "2019.04.08"]
[Round "-"]
[White "kenneth m day"]
[Black "Steven DuCharme"]
[Result "1/2-1/2"]
[WhiteCountry "USA"]
[BlackCountry "USA"]
[WhiteElo "1730"]
[WhiteRD "54"]
[BlackElo "1584"]
[BlackRD "65"]
[GameID "440025"]

1. e4 c6 2. c4 d5 3. cxd5 cxd5 4. exd5 Qxd5 5. d4 Nf6 6. Nc3 Qd8 7. Bc4 e6 8. Nf3 Be7 9. Qe2 O-O 10. Ne5 Qxd4
11. Bd2 Nc6 12. Nxc6 bxc6 13. Be3 Qd6 14. Rd1 Qc7 15. O-O Rd8 16. Rxd8+ Qxd8 17. Rd1 Qc7 18. Qf3 Nd5 19. Qh5 Nf6 20. Qf3 Bb7
21. Qh3 Bc8 22. Ne2 a5 23. Qf3 Ba6 24. Bxa6 Rxa6 25. Rc1 Nd5 26. Bd4 Bf6 27. Bxf6 Nxf6 28. g3 Nd5 29. Nd4 g6 30. Qe2 Qc8
31. Qd3 Nb4 32. Qb3 Nd5 33. Qa4 Ne7 34. Rc5 Rb6 35. b3 Rb4 36. Qxa5 Rxd4 37. Qa7 Qd7 38. Qb8+ Kg7 39. Qe5+ f6 40. Qe2 Qd6
41. Rc1 Rd2 42. Qe3 Rd1+ 43. Kg2 Rxc1 44. Qxc1 c5 45. Qe3 Qd5+ 46. Kf1 Nc6 47. Kg1 Nb4 48. a3 Nc2 49. Qc1 Qxb3 50. Qd2 Nd4
51. Qa5 Nb5 52. Qd8 Qxa3 53. Qd7+ Kh6 54. Qxb5 Qb4 55. Qe8 Qe1+ 56. Kg2 c4 57. Qf8+ Kg5 58. Qc5+ e5 59. Qxc4 e4 60. Qe6 Qc3
61. Qd5+ f5 62. Qd8+ Kh6 63. Qh4+ Kg7 64. Qe7+ Kg8=
1/2-1/2

[Event "KETCHUPLOVER TOURNEY 2"]
[Site "SchemingMind.com"]
[Date "2019.04.08"]
[Round "-"]
[White "dadshane2000"]
[Black "kenneth m day"]
[Result "0-1"]
[WhiteCountry "USA"]
[BlackCountry "USA"]
[WhiteElo "1833"]
[WhiteRD "93"]
[BlackElo "1745"]
[BlackRD "50"]
[GameID "440026"]

1. e4 e5 2. Nf3 Nc6 3. Bb5 Nf6 4. O-O Nxe4 5. d4 Nd6 6. Bxc6 dxc6 7. dxe5 Nf5 8. Qxd8+ Kxd8 9. Nc3 Bc5 10. Bg5+ Be7
11. Rad1+ Bd7 12. Rfe1 h6 13. Bxe7+ Kxe7 14. g4 Rad8 15. gxf5 Bxf5 16. Rxd8 Rxd8 17. Re2 Ke6 18. Kg2 Rd7 19. Ne4 Bxe4 20. Rxe4 Rd1
21. Re2 Ra1 22. a3 c5 23. c3 c6 24. Nd2 Ra2 25. Nc4 b5 26. Na5 Kd5 27. f4 Ke6 28. Nxc6 a6 29. Rd2 Kf5 30. Kf3 Kg6
31. Rg2+ Kh7 32. Ke4 Ra1 33. Rd2 Ra2 34. Kd3 Ra1 35. Kc2 Rg1 36. Rf2 Rg6 37. f5 Rxc6 38. Kd3 Kg8 39. Ke4 Kf8 40. Kd5 Rc8
41. e6 fxe6+ 42. fxe6+ Ke8 43. Kd6 Rd8+ 44. Kxc5 Ke7 45. Kb6 Rd6+ 46. Kc7 Rxe6 47. Rd2 g5 48. Rg2 Rd6 49. Re2+ Re6 50. Rxe6+ Kxe6
51. Kb6 Kd6 52. Kxa6 Kc5 53. b3 g4 54. Ka5 h5 55. a4 bxa4 56. Kxa4 h4 57. b4+ Kb6 58. c4 g3 59. c5+ Kc7 60. b5 g2
0-1

[Event "KETCHUPLOVER TOURNEY 2"]
[Site "SchemingMind.com"]
[Date "2019.04.08"]
[Round "-"]
[White "ray winteringham"]
[Black "kenneth m day"]
[Result "1-0"]
[WhiteCountry "ENG"]
[BlackCountry "USA"]
[WhiteElo "1499"]
[WhiteRD "49"]
[BlackElo "1760"]
[BlackRD "54"]
[GameID "440027"]

1. e4 e5 2. Nf3 Nc6 3. Bc4 Bc5 4. d3 Nf6 5. h3 O-O 6. Bd2 d6 7. a3 a6 8. b4 Ba7 9. O-O b5 10. Bb3 Bb7
11. Bc3 Ne7 12. Bb2 Ng6 13. Kh2 Nh5 14. Nxe5 Nxe5 15. Qxh5 Ng6 16. f4 Qh4 17. Qxh4 Nxh4 18. g3 Ng6 19. Nd2 Kh8 20. f5 Ne5
21. g4 Be3 22. Nf3 Bf4+ 23. Kg2 Nd7 24. Nh4 Bg5 25. Nf3 Bf6 26. c3 Ne5 27. Rad1 Rad8 28. g5 Be7 29. Nxe5 dxe5 30. c4 Bxg5
31. Bxe5 Rd7 32. c5 f6 33. Bb2 Rfd8 34. Bc2 Be3 35. Rf3 Bd4 36. Bxd4 Rxd4 37. Re3 Bxe4+ 38. Rxe4 R4d5 39. Rde1 h6 40. d4 Rxd4
41. Rxd4 Rxd4 42. Re2 Kg8 43. Kf2 Rh4 44. Re3 Rc4 45. Bb3
1-0

[Event "KETCHUPLOVER TOURNEY 2"]
[Site "SchemingMind.com"]
[Date "2019.04.08"]
[Round "-"]
[White "kenneth m day"]
[Black "Chessibelle"]
[Result "1-0"]
[WhiteCountry "USA"]
[BlackCountry "ENG"]
[WhiteElo "1760"]
[WhiteRD "54"]
[BlackElo "1194"]
[BlackRD "59"]
[GameID "440028"]

1. e4 e5 2. f4 d6 3. Nf3 f6 4. Bc4 Ne7 5. d4 d5 6. exd5 Nxd5 7. dxe5 c6 8. Qe2 Be7 9. Nc3 O-O 10. Bd2 Bf5
11. O-O-O a6 12. exf6 Bxf6 13. Qf2 Kh8 14. h4 h5 15. Ng5 Bg6 16. f5 Be8 17. Qf3 Qb6 18. Qxh5+ Bxh5 19. Rde1 Nd7 20. Bb3 Qf2
21. Ref1 Qc5 22. Ne6 Qe7 23. Nxf8 Rxf8 24. Re1 Ne5 25. Ne4 Bxh4 26. g3 Bf6 27. Rxh5+ Kg8 28. Ng5 Qc5 29. Ne6 Nd3+ 30. Kb1 Nxe1=
31. Nxc5 Re8 32. Nxb7 Nf3 33. Bxd5+ Kf8 34. Rh8+ Ke7 35. Rxe8+ Kxe8 36. Bxf3 Kd7 37. Na5 Kd6 38. Nxc6
1-0

[Event "KETCHUPLOVER TOURNEY 2"]
[Site "SchemingMind.com"]
[Date "2019.04.16"]
[Round "-"]
[White "Phillip Beckett"]
[Black "dadshane2000"]
[Result "0-1"]
[WhiteCountry "ENG"]
[BlackCountry "USA"]
[WhiteElo "1505"]
[WhiteRD "47"]
[BlackElo "1864"]
[BlackRD "90"]
[GameID "440313"]

1. e4 c5 2. Nf3 d6 3. d4 cxd4 4. Nxd4 Nf6 5. Nc3 a6 6. Bg5 e6 7. f4 Qb6 8. Nb3 Be7 9. Qf3 Nbd7 10. O-O-O O-O
11. g4 h6 12. Bh4 Nc5 13. Bd3 Nxd3+ 14. cxd3 Qc7 15. Kb1 Nh7 16. Bxe7 Qxe7 17. h4 f6 18. Qg3 b6 19. g5 fxg5 20. hxg5 hxg5
21. Qh2 g6 22. fxg5 Rf7 23. Nd4 Bb7 24. Rdf1 Raf8 25. Rxf7 Rxf7 26. Nce2 e5 27. Nc2 Qxg5 28. Rg1 Qf6 29. Nc1 Nf8 30. Ne3 Rh7
31. Qg2 Rg7 32. Qg5 Qxg5 33. Rxg5 Ne6 34. Ng4 Nxg5 35. Ne2 Kf7
0-1

[Event "KETCHUPLOVER TOURNEY 2"]
[Site "SchemingMind.com"]
[Date "2019.04.15"]
[Round "-"]
[White "Phillip Beckett"]
[Black "Steven DuCharme"]
[Result "1/2-1/2"]
[WhiteCountry "ENG"]
[BlackCountry "USA"]
[WhiteElo "1578"]
[WhiteRD "52"]
[BlackElo "1586"]
[BlackRD "60"]
[GameID "440314"]

1. e4 c5 2. Nf3 e6 3. d4 cxd4 4. Nxd4 a6 5. Nc3 b6 6. Be3 Bb7 7. Be2 Nc6 8. O-O h6 9. Qd2 Nf6 10. f4 Bc5
11. Rad1 O-O 12. Nxc6 Bxe3+ 13. Qxe3 Bxc6 14. e5 Nh7 15. Ne4 Bxe4 16. Qxe4 Qc7 17. Bd3 g6 18. h4 Rfc8 19. g4 Qc6 20. Qxc6 Rxc6
21. f5 Kg7 22. fxg6 fxg6 23. h5 g5 24. Bxh7 Kxh7 25. Rf7+ Kh8 26. Rdxd7 Rxc2 27. Rh7+ Kg8 28. Rdg7+ Kf8 29. Rf7+ Kg8 30. Rfg7+ Kf8
31. Rb7 Kg8 32. Rhg7+ Kf8 33. Rh7 Kg8 34. Rhg7+ Kf8=
1/2-1/2

[Event "KETCHUPLOVER TOURNEY 2"]
[Site "SchemingMind.com"]
[Date "2019.04.15"]
[Round "-"]
[White "kenneth m day"]
[Black "Phillip Beckett"]
[Result "1-0"]
[WhiteCountry "USA"]
[BlackCountry "ENG"]
[WhiteElo "1760"]
[WhiteRD "54"]
[BlackElo "1559"]
[BlackRD "53"]
[GameID "440315"]

1. e4 e5 2. f4 Qh4+ 3. g3 Qe7 4. d3 d5 5. Nc3 c6 6. Nf3 dxe4 7. dxe4 exf4 8. Bxf4 f5 9. e5 Nf6 10. Qe2 Nd5
11. Qc4 Nxf4 12. gxf4 Be6 13. Qa4 Nd7 14. O-O-O Nb6 15. Qa5 Nc4 16. Bxc4 Kf7 17. Ng5+ Kg6 18. Nxe6
1-0

[Event "KETCHUPLOVER TOURNEY 2"]
[Site "SchemingMind.com"]
[Date "2019.04.15"]
[Round "-"]
[White "ray winteringham"]
[Black "Phillip Beckett"]
[Result "0-1"]
[WhiteCountry "ENG"]
[BlackCountry "ENG"]
[WhiteElo "1499"]
[WhiteRD "49"]
[BlackElo "1559"]
[BlackRD "53"]
[GameID "440316"]

1. e4 e5 2. Nf3 Nc6 3. Bc4 Nf6 4. d3 Be7 5. Be3 d6 6. O-O O-O 7. h3 h6 8. Bb3 Nh7 9. c4 Ng5 10. Nbd2 Nxf3+
11. Qxf3 Bg5 12. Qe2 Bxe3 13. Qxe3 Nd4 14. f3 c5 15. f4 exf4 16. Rxf4 f5 17. Qg3 fxe4 18. Nxe4 Rxf4 19. Kh2 Rf8 20. Nxd6 Be6
21. Nxb7 Qf6 22. Nxc5 Ne2 23. Qe3 Bxh3 24. Qxh3 Qf4+
0-1

[Event "KETCHUPLOVER TOURNEY 2"]
[Site "SchemingMind.com"]
[Date "2019.04.15"]
[Round "-"]
[White "Phillip Beckett"]
[Black "Chessibelle"]
[Result "1-0"]
[WhiteCountry "ENG"]
[BlackCountry "ENG"]
[WhiteElo "1559"]
[WhiteRD "53"]
[BlackElo "1194"]
[BlackRD "59"]
[GameID "440317"]

1. e4 e5 2. Nf3 Nc6 3. Bb5 Nge7 4. d3 d6 5. h3 g6 6. O-O Bg7 7. c3 Be6 8. Nbd2 O-O 9. Re1 Bd7 10. Nf1 Re8
11. Ng3 a6 12. Ba4 b5 13. Bc2 Nc8 14. Be3 N8e7 15. Qd2 Bf6 16. Bg5 Bg7 17. Bh6 f5 18. exf5 Nxf5 19. Nxf5 Bxf5 20. Bxg7 Kxg7
21. Qg5 Qd7 22. Nh4 Rf8 23. Nxf5+ Rxf5 24. Qg3 Raf8 25. f3 d5 26. Rf1 h6 27. d4 Rg5 28. Qh2 exd4 29. cxd4 Nxd4 30. Bb1 Qf7
31. h4 Nxf3+ 32. Rxf3 Qxf3 33. Qxc7+ Kg8 34. hxg5 Qf1+ 35. Kh2 Qe2 36. Qc2 Qh5+ 37. Kg1 Qxg5 38. Qxg6+ Qxg6 39. Bxg6 Kg7 40. Bd3 h5
41. Rf1 Rd8 42. Rf5 Kg6 43. Rxd5+
1-0

[Event "KETCHUPLOVER TOURNEY 2"]
[Site "SchemingMind.com"]
[Date "2019.04.17"]
[Round "-"]
[White "capablanca"]
[Black "Steven DuCharme"]
[Result "1/2-1/2"]
[WhiteCountry "GER"]
[BlackCountry "USA"]
[WhiteElo "1662"]
[WhiteRD "62"]
[BlackElo "1586"]
[BlackRD "60"]
[GameID "440335"]

1. d4 Nf6 2. c4 e6 3. Nc3 b6 4. Nf3 Bb7 5. Bg5 Be7 6. e3 Ne4 7. Bxe7 Qxe7 8. Bd3 Nxc3 9. bxc3 O-O 10. O-O d6
11. Bc2 Nd7 12. Qd3 g6 13. Nd2 f5 14. Bd1 c5 15. Bf3 Bxf3 16. Nxf3 h6 17. Rab1 Rac8 18. a4 g5 19. Rb2 g4 20. Nd2 Kg7
21. Rfb1 h5 22. a5 Rb8 23. axb6 axb6 24. Ra1 e5 25. Ra7 Kf6 26. Qb1 exd4 27. cxd4 Ra8 28. Rba2 Rxa7 29. Rxa7 Rb8 30. Qb5 Rd8
31. Kf1 cxd4 32. exd4 Kg5 33. Ra1 Kf6 34. Re1 Qf7 35. Nb3 Re8 36. Rxe8 Qxe8 37. c5 dxc5 38. dxc5 bxc5 39. Nxc5 Ke7 40. Qxd7+ Qxd7
41. Nxd7 Kxd7 42. Ke2 Ke6 43. f4 h4= 44. g3 h3 45. Ke3 Kd5 46. Kd3 Kc5 47. Kc3=
1/2-1/2

[Event "KETCHUPLOVER TOURNEY 2"]
[Site "SchemingMind.com"]
[Date "2019.04.17"]
[Round "-"]
[White "capablanca"]
[Black "kenneth m day"]
[Result "1/2-1/2"]
[WhiteCountry "GER"]
[BlackCountry "USA"]
[WhiteElo "1685"]
[WhiteRD "60"]
[BlackElo "1760"]
[BlackRD "54"]
[GameID "440336"]

1. d4 Nf6 2. c4 e5 3. dxe5 Ng4 4. Nf3 Nc6 5. e4 Bc5 6. Be3 Bxe3 7. fxe3 Ngxe5 8. Nc3 d6 9. Be2 O-O 10. O-O Re8
11. a3 Qf6 12. Nd4 Qg5 13. Nd5 Ng4 14. Bxg4 Bxg4 15. Qc1 Rxe4 16. Nxc6 bxc6 17. Nf4 Rae8 18. Re1 Qc5 19. b3 g5 20. Nd3 Qb6
21. b4 Bf5 22. c5 Qa6 23. Nf2 Rc4 24. Qd2 Rc2 25. Qd4 Qc4 26. Qxc4=
1/2-1/2

[Event "KETCHUPLOVER TOURNEY 2"]
[Site "SchemingMind.com"]
[Date "2019.04.17"]
[Round "-"]
[White "Chessibelle"]
[Black "capablanca"]
[Result "0-1"]
[WhiteCountry "ENG"]
[BlackCountry "GER"]
[WhiteElo "1194"]
[WhiteRD "59"]
[BlackElo "1685"]
[BlackRD "60"]
[GameID "440337"]

1. Nf3 d5 2. d4 Bf5 3. g3 Nf6 4. Bg2 e6 5. Nbd2 c5 6. O-O Nc6 7. b3 cxd4 8. Bb2 e5 9. Re1 Bd6 10. e3 dxe3
11. Rxe3 e4 12. Ng5 O-O 13. c4 Ng4 14. Re1 Qxg5 15. f3 Bc5+ 16. Kf1 Nxh2+ 17. Ke2 Qe3#
0-1

[Event "KETCHUPLOVER TOURNEY 2"]
[Site "SchemingMind.com"]
[Date "2019.04.17"]
[Round "-"]
[White "dadshane2000"]
[Black "capablanca"]
[Result "1-0"]
[WhiteCountry "USA"]
[BlackCountry "GER"]
[WhiteElo "1827"]
[WhiteRD "89"]
[BlackElo "1662"]
[BlackRD "62"]
[GameID "440338"]

1. e4 c5 2. Nf3 d6 3. d4 cxd4 4. Nxd4 Nf6 5. Nc3 Nc6 6. Bg5 e5 7. Ndb5 Be7 8. Bxf6 gxf6 9. Nd5 Kf8 10. Nxe7 Qxe7
11. Qxd6 Qxd6 12. Nxd6 Be6 13. O-O-O b6 14. Ba6 Ne7 15. Rd2 Kg7 16. Rhd1 Ng6 17. Nf5+ Bxf5 18. exf5 Nh4 19. Bb7 Rab8 20. Be4
1-0

[Event "KETCHUPLOVER TOURNEY 2"]
[Site "SchemingMind.com"]
[Date "2019.04.17"]
[Round "-"]
[White "capablanca"]
[Black "Phillip Beckett"]
[Result "0-1"]
[WhiteCountry "GER"]
[BlackCountry "ENG"]
[WhiteElo "1685"]
[WhiteRD "60"]
[BlackElo "1559"]
[BlackRD "53"]
[GameID "440339"]

1. d4 d5 2. c4 e6 3. Nc3 Nf6 4. Bg5 Be7 5. e3 h6 6. Bh4 O-O 7. Nf3 Ne4 8. Bxe7 Qxe7 9. cxd5 Nxc3 10. bxc3 exd5
11. Be2 Be6 12. O-O c5 13. Nd2 Nc6 14. Bf3 cxd4 15. cxd4 Rfc8 16. Rb1 b6 17. Qb3 Na5 18. Qb5 Nc4 19. Nxc4 Rxc4 20. Bxd5 Bxd5
21. Qxd5 Rac8 22. Qb5 Qc7 23. h3 Rc2 24. Qb3 Rc3 25. Qb4 Rc4 26. Qb5 Qc6 27. Qxc6 R8xc6 28. Rb2 Rc2 29. Rxc2 Rxc2 30. Ra1 Kf8
31. g3 Ke7 32. Kg2 Kd6 33. h4 Kd5 34. Kf3 f5 35. a3 Kc4 36. Rd1 Kd5 37. Rb1 Ra2 38. Rb5+ Ke6 39. Rb3 g6 40. Rc3 Kd6
41. e4 fxe4+ 42. Kxe4 Rxf2 43. Rf3 Rxf3 44. Kxf3 Kd5 45. Ke3 b5
0-1

[Event "KETCHUPLOVER TOURNEY 2"]
[Site "SchemingMind.com"]
[Date "2019.04.17"]
[Round "-"]
[White "ray winteringham"]
[Black "capablanca"]
[Result "1-0"]
[WhiteCountry "ENG"]
[BlackCountry "GER"]
[WhiteElo "1499"]
[WhiteRD "49"]
[BlackElo "1685"]
[BlackRD "60"]
[GameID "440340"]

1. e4 c5 2. Nf3 d6 3. Be2 g6 4. h3 Bg7 5. d3 Nc6 6. Be3 Bxb2 7. Nbd2 Bxa1 8. Qxa1 Nf6 9. Bh6 Rg8 10. O-O Bd7
11. Qb2 Qc7 12. Ng5 Nd4 13. Bd1 Ne6 14. f4 Nxg5 15. fxg5 O-O-O 16. gxf6 exf6 17. Qxf6 Be6 18. c4 Qa5 19. Bb3 a6 20. Nf3 b5
21. Ng5 bxc4 22. Nxe6 fxe6 23. Qxe6+ Kc7 24. Rf7+ Kb6 25. Bxc4 Qe1+ 26. Kh2 Rge8 27. Qd5 Qh4 28. Qb7+
1-0